000
00231 a2200097 4500
020
_a
9789356996601
100
_a
Sachin Warty
245
_a
Black sol: vengeance in the hear of deceit
260
_b
Harper Collins
_c
2024
942
_c
OO
999
_c
115596
_d
115595